01017nam a22002537a 450000100060000000300080000600500170001400800410003103500190007204000350009104100080012608200250013410000300015924501080018926000690029730000380036650200750040450400340047965000360051370000410054994200130059099900170060395201430062080730BD-RjUL20230405120851.0221108s2006 bg a|||| m||| 00| 0 eng d a(BD-RjUL)80730 aBD-RjULbengcBD-RjULdBD-RjUL aeng 223a592.64bRAE 2006 aRahman, Md. Mijanur9575310aEfficacy of earthworm against Rheumatic Fever /cBy Md. Mijanur Rahman ;6Supervisor : Md. Sarwar Jahan aRajshahi :bDepartment of Zoology, University of Rajshahi,c2006 axiii, 75 leaves :bill, ;c29.cm. aThesis (Ph. D.) -- Department of Zoology, University of Rajshahi, 2006 aBibliography : Leaves 53 - 64 aEarthwormsvInvertebrates95754 aJahan, Md. Sarwar, Supervisor 91916 2ddccTHE c80730d80730 102ddc40718THESESaRUCLbRUCLcDoc/Thed2007-11-18eController of Exam. R.U.oTHE 592.64 RAE 2006pD2657r2022-11-08 00:00:00tC-1yTHE